000 00581aam a2200217 4500
005 20170109124859.0
008 150415b xxu||||| |||| 00| 0 spa d
041 _aspa
082 _a152.4 W924t
100 _aWorden, William
_933750
245 _aEl tratamiento del duelo: asesoramiento psicológico y terapia
260 _aArgentina
_bPaidos
_c2002
300 _a240 páginas
650 _aSENTIMIENTOS
_910491
650 _aDUELO
_9231
650 _aPSICOLOGÍA
_9229
650 _aREACCIONES
_933751
650 _aTERAPIA
_914284
650 _aFAMILIA
_935762
942 _cBK
999 _c4643
_d4643